00778cam a2200253 45000010008000000030009000080050017000170080041000340100017000750400028000920430021001200500019001410820016001601000039001762450063002152600039002783000036003173500010003535000026003636000023003896500035004126510038004477400039004851712117BDDh-ASL20231015030030.0710402s1970 pk ab 000 0 eng  a 70931919  aDLCcDLCdDLCdBDDh-ASL aa-ii---aa-pk---00aDS485.K2bA655 a954.6bKHR 1 aKhan, Akbar d1912-eEx Maj. Gen. 10aRaiders in Kashmir :bstory of the Kashmir War, 1947-48 /  aKarachi:bPak Publishers, c[1970] a197 p. :billus., maps.c22 cm. a15.00 aSubtitle from jacket.00aAkbar Khan,d1912- 0aGeneralszPakistanxBiography. 0aKashmirxPolitics and government. aStory of the Kashmir War, 1947-48.